Bohaterowie Waksy(7 sezon) - Statystyki

Ogólne statystyki
  • Ten quiz został rozwiązany 349 razy
  • Średni wynik to 9 z 17
Statystyki odpowiedzi
Bohater Postać % Poprawnych
Pierwszoplanowa Kasia
97%
Pierwszoplanowa Kacper
89%
Pierwszoplanowa Hania
88%
Pierwszoplanowa Blecki
85%
Pierwszoplanowa Aria
83%
Pierwszoplanowa Julia
82%
Pierwszoplanowa Mateusz
78%
Drugoplanowa Pan konrad
75%
Pierwszoplanowa Pjoter
74%
Drugoplanowa Pani Satis
72%
Drugoplanowa Pani Basia
40%
Drugoplanowa Dyrektor
32%
Drugoplanowa Sekretarka
17%
Drugoplanowa Rodzice
12%
Drugoplanowa Siostra Kasi
8%
Drugoplanowa Nauczyciele
6%
Drugoplanowa Polonistka
4%
Nie znaleziono quizów pasujących do podanych kryteriów
Rozkład punktacji
Procent ludzi z każdym wynikiem
Percentyl według liczby udzielonych odpowiedzi
Twoja historia wyników
Nie rozwiązałeś tego quizu